00446cam a2200181 a 4500020002400000020001800024041000800042082001500050100002000065245002300085260004300108300001300151500002000164650001300184650001400197650003800211650001500249 a0340341564 (pbk.) : a9780340341568 aENG00a261.2bNEI1 aNeill, Stephen,10aCrises of belief : aLondon :bHodder and Stoughton,c1984. a304 p. ; aIncludes index. 0aReligion 0aReligions 0aChristianity and other religions. 0aIrreligion